000 00819nmm a2200265 a 4500
001 ocm0001411529
003 TR-IsHL
005 20201028163804.0
008 160220s2013 tu tur
007 cr cn
020 _a9786051313009
035 _a1411529
_b(N$T)
050 0 4 _aPL248.T86
_bK3 2013
090 0 4 _aPL248.T86
_bK3 2013
100 1 _aTunç, Hüseyin
245 1 0 _aKayıp renk
_h[electronic resource] /
_cHüseyin Tunç
260 _aİstanbul :
_bNesil Yayınları,
_c2013
300 _a440 p.
650 4 _aDil ve Edebiyat
650 4 _aLanguage and Literature
650 0 _aTürk romanı
650 0 _aTurkish fiction
650 7 _aLITERARY COLLECTIONS / Middle Eastern
_2bisacsh
856 4 0 _uhttp://search.ebscohost.com/login.aspx?direct=true&scope=site&db=e011xww&AN=1411529
999 _c15440
_d15440